000 00783nam a2200289Ia 4500
005 20260324134813.0
008 008 260324s9999 xx 000 0 eng d
020 _a9780429181283
037 _aEBOOK
040 _aCRL
040 _beng
040 _cCRL
041 _2eng
041 _aeng
084 _qCRL
100 _aJulian W. Gardner; Krishna C. Persaud
_91198217
245 0 _aElectronic Noses and Olfaction 2000
245 0 _bProceedings of the 7th International Symposium on Olfaction and Electronic Noses, Brighton, UK, July 2000
260 _bTaylor and Francis
260 _c2001
365 _a
365 _b640
856 _uhttp://www.taylorfrancis.com/books/9780429181283
942 _cEBOOK
999 _c1798654
_d1798654